书目信息 |
| 题名: |
大众/奥迪车系故障诊断与排除技巧
|
|
| 作者: | 李东江 , 张大成 主编 | |
| 分册: | ||
| 出版信息: | 北京 机械工业出版社 2006 |
|
| 页数: | 272页 | |
| 开本: | 26cm | |
| 丛书名: | 汽车故障诊断与排除技巧丛书 | |
| 单 册: | ||
| 中图分类: | U469.110.7 | |
| 科图分类: | ||
| 主题词: | 轿车--故障诊断 , 轿车--故障修复 , 轿车 | |
| 电子资源: | ||
| ISBN: | 7-111-17489-5 | |
| 000 | 01043oam2 2200289 450 | |
| 001 | 010010014023 | |
| 005 | 20061029110956.85 | |
| 010 | @a7-111-17489-5@dCNY29.00 | |
| 100 | @a20060214d2006 em y0chiy0110 ea | |
| 101 | 0 | @achi |
| 102 | @aCN@b110000 | |
| 105 | @aak z 000yy | |
| 200 | 1 | @a大众/奥迪车系故障诊断与排除技巧@9da zhong / ao di che xi gu zhang zhen duan yu pai chu ji qiao@f李东江,张大成主编 |
| 210 | @a北京@c机械工业出版社@d2006 | |
| 215 | @a272页@c图@d26cm | |
| 225 | 2 | @a汽车故障诊断与排除技巧丛书 |
| 330 | @a本书收录了大众、奥迪系列轿车的典型、疑难故障诊断与排除方法,常见维修认识误区、维修难点,某些车型的特有故障及解决办法。这些技巧性问题对汽修人员水平的提高大有益处。 | |
| 461 | 0 | @12001 @a汽车故障诊断与排除技巧丛书 |
| 606 | 0 | @a轿车@x故障诊断 |
| 606 | 0 | @a轿车@x故障修复 |
| 606 | 0 | @a轿车 |
| 610 | 0 | @a大众汽车@a奥迪汽车 |
| 690 | @aU469.110.7@v4 | |
| 701 | 0 | @a李东江@9li dong jiang@4主编 |
| 701 | 0 | @a张大成@9zhang da cheng@4主编 |
| 801 | 0 | @aCN@bRENTIAN@c20061029 |
| 905 | @a10447@dU469.110.7@e131 | |
| 大众/奥迪车系故障诊断与排除技巧/李东江,张大成主编.-北京:机械工业出版社,2006 |
| 272页:图;26cm.-(汽车故障诊断与排除技巧丛书) |
| ISBN 7-111-17489-5:CNY29.00 |
| 本书收录了大众、奥迪系列轿车的典型、疑难故障诊断与排除方法,常见维修认识误区、维修难点,某些车型的特有故障及解决办法。这些技巧性问题对汽修人员水平的提高大有益处。 |
| ● |
| 相关链接 |
|
|
|
|
正题名:大众/奥迪车系故障诊断与排除技巧
索取号:U469.110.7/131
 
预约/预借
| 序号 | 登录号 | 条形码 | 馆藏地/架位号 | 状态 | 备注 |
| 1 | 0388717 | 203887179 | 第二样本阅览室/ [索取号:U469.110.7/131] | 在馆 | |
| 2 | 0388718 | 203887188 | 第三借阅区/ [索取号:U469.110.7/131] | 在馆 | |
| 3 | 0388719 | 203887197 | 第三借阅区/ [索取号:U469.110.7/131] | 在馆 | |
| 4 | 0388720 | 203887204 | 第三借阅区/ [索取号:U469.110.7/131] | 在馆 | |
| 5 | 0388721 | 203887213 | 第三借阅区/ [索取号:U469.110.7/131] | 在馆 |